| 000 | 00753nam a2200193 4500 | ||
|---|---|---|---|
| 008 | 180105b xxu||||| |||| 00| 0 eng d | ||
| 020 | _a0534067263 | ||
| 082 |
_21987 _aDC 306.20973 _bD98 |
||
| 100 |
_925505 _aDye, Thomas R., author. |
||
| 245 |
_aThe irony of democracy : _ban uncommon introduction to American politics / _cThomas R. Dye, L. Harmon Zeigler. |
||
| 250 | _aSeventh edition. | ||
| 260 |
_aMonterey, Calif. : _bBrooks/Cole, _c©1987. |
||
| 300 |
_axviii, 506 pages : _b illuustrations ; _c 24 cm. |
||
| 500 | _aIncludes bibliographies and index. | ||
| 650 | 0 |
_925506 _aUnited States _xPolitics and government |
|
| 650 | 0 |
_925507 _aElite (Social sciences) _zUnited States |
|
| 700 |
_925508 _aZeigler, Harmon, author. |
||
| 942 |
_2ddc _cDC |
||
| 999 |
_c8244 _d8244 |
||